LEADER 00861nam a2200217 i 4500 001 000000048109 003 CaOOAMICUS 005 20040415000000.0 008 040415s1985 it u000 u ita u 013 $a19279 040 $aSeMil$bita 100 1 $aBacchelli, Riccardo,$d<1891-1985>.$0(OLS)http://semarc/name/1548 245 10$a[Vol.1] /$ccon uno scritto di Carlo Bo. 300 $a341 p. :$briccamente ill. 650 4$aItalia - Paesaggio.$0(OLS)http://semarc/subject/2716 700 1 $aBo, Carlo,$d<1911-2001>.$0(OLS)http://semarc/name/7656 773 0 $aBacchelli, Riccardo <1891-1985>$tItalia per terra e per mare.$dBergamo : Bolis, copyr. 1985.$g1$w()11421 850 $aSeMil 852 $aSeMil$W1$xVenegono$y1$m4Y VI 63$j14264$B14264$CSeMilBibl$Z2$F14264 $81 961 $aOmaggio: Conti Franco 996 $6245$a[Vol.1]$9(OLS)http://semarc/title/72709 LEADER 00800naa a2200157 i 4500 001 000000307242 003 CaOOAMICUS 005 20180831172912.0 008 180831n xx u000 u ger u 013 $a15932 040 $aSeMil$bita 100 1 $aSchnelle, Udo,$d<1952- >.$0(OLS)http://semarc/name/93697 245 14$aDie johanneischen Abschiedsreden und das Liebesgebot. 650 4$aBibbia. Nuovo Testamento. Vangelo secondo Giovanni - Commentari, studi, critica, interpretazioni.$0(OLS)http://semarc/subject/119 773 0 $tRepetitions and variations in the Fourth Gospel.$dLeuven [etc] : Uitgeverij Peeters, 2009.$kBibliotheca Ephemeridum Theologicarum Lovaniensium$z978-90-429-2154-2$gp.589-608$w()182757 996 $6245$aDie johanneischen Abschiedsreden und das Liebesgebot$9(OLS)http://semarc/title/382621